000 00788nam a2200229Ia 4500
003 OSt
005 20220923220921.0
006 a|||||r|||| 00| 0
007 ta
008 220922b |||||||| |||| 00| 0 hin d
024 _a192,219
037 _cTextual
040 _aARTS
_cARTS
_bhin
041 _2hin
_ahin
082 _aT0Y1, 152K8(TTPH),K8;2
100 _aरसेल, बट्ेड
245 0 _aशिक्षा और समाज व्यवस्था, अनु राजेन्द्र सिंह भण्डारी
246 _aShikṣhā aur samāj vyavasthā, anu0 rājendra sianha bhaṇḍārī
260 _c1968
942 _hT0Y1, 152K8(TTPH),K8;2
_cTEXL
_2CC
999 _c344841
_d344841